Rhum A-Z - Statistiques

Statistiques générales
  • Ce quiz a été pris 32 fois
  • Le résultat moyen est 9 sur 27
Statistiques - réponses
Lettre Marques % Correct
C (63) Clément / Captain Morgan / Cadc / Camazotz / Canerock / Camikara / Caroni / Cartavio / Casa Buru /Cashcane / Centenario / Ceylon / Chairman / Chamarel / Chalong / Circumstantial / Clairin / Cavalier / Clarendon / Cockspur / Compagnie des Indes / Companero / Coruba / Copalli / Charrette / Cruzan / Cristobal / Cut / Crow / Cor Cor / Candela / Cihuatan / Cabeza / Comandante / Casa / Canalero / Contadero / Calicos / Carta Vieja / Cortez / Colibri / Cartavio / Cacique / Carúpano / Chic Choc / Charbay / Connecticut / Chef Distilled / CopperHead / Copper / Cadenhead / Cane Island / Carnival San Juice / Carupano / Cañero / Chantal Comte / Cimborazo / Coloma / Conde de Cuba / Cubaney / Contrebande / Cotopaxi
92%
D (34 Diplomatico / Don Papa / Damoiseau / Depaz / Devon / Devil / Diablesse / Diamond / Dillon / Discarded / Distillerie de Paris / Don Q / Doorly / Dos Maderas / Drop Works / Dry Cane / Duppy Share / Dzama / Darby / Dictador / Don Esteban / Demon / Duran / Dinastia / Dead Man / Desert /Dogfish Head / Donner-Peltier / Deacon / Dun'c / Deadhead / Domaine De Courcelles / Duquesne / Dzama
85%
B (57) Bumbu / Barcelo / Bacardi / Banks / Barbancourt / Balancal / Balan / Bikini / Bielle / Belgrove / Bones / Berry Bros / Beenleigh / Black Gate / Bayou / Black Stripe / Black Magic / Black Tears / Black Tot /Blankenheym / Bologne / Bounty / Bonpland / Bone Idyll / Boulet de Canon / Bougainville / Branca / Bristol Classic / Brugal / Bundaberg / Burdekin / Bermudez / Brix / Bati / BlackBeards / Belmont / Botran / Bohemio / Bandita / Barrica / Bozkov / Black Coral / Best / Bartlett / Boston / Berkshire / Bully Boy / Baie des Trésors / Bapt & Clem's / Barikenn / Bellevue / Bercloux / Beach House / Blackwell / Bows / Breiz'île / Braud & Quennesson
73%
S (58) Saint James / Sailor Jerry / Saint Benevolence / Samai / Salford / Sampan / Sangsom / Sancti / Saocan / Santa Lucilia / Santa Teresa / Santiago de Cuba / SC Dogs / Sapio / Savanna / Scratch / Siddiqui / Severin / Safari / Siboney / Señor Weber / Serum / Selva / SAB / Stroh / Selvarey / Shadow / Seven Fathoms / Single / Skipper / Skunk / Smith / Sol Tarasco / Sostenible / South Pacific / Stock /Spirited Union / Stork / Sport / St Aubin / Sugar / St Lucia / St Nicholas / Samai / Siesta Key / Secha / Seacrets / South Hollow / Sodade / Starr / Samaroli / Sansibar / San Miguel / Santisima / Silver Seal / Spytail / Swell / Stade
69%
H (19) Havana / HSE / Husk / Habitation Velier / Hampden / Hattiers / Hoxton / Holmes Cay / Hoochery / Helios / HBS / Hemingway / Hurricane / High Wire / Hampden / Hardy / Hee Joy / Héritiers Madkaud /Hell or High
65%
T (34) Takamaka / Tamosi / Tarasco / Tanduay / Thameside / Teeda / The Lovers / The Wild Parrot / Tidal /Thompson Bros / Tiki / Trinidad / Tilambic / Tondena / Toti / Tristao / Triple Entente / Two Drifters / Travellers / Transcontinental Rum Line / Trois Rivières / Tobago / Tamboo / The NZ / Tortuga / TOZ / Triple Eight / Tail Ship / Tamure / Tapanga / The 86 Company / The Wild Geese / Toucan / Trhum
54%
L (30) La Hechicera / La Forza / La Mauny / La Progresiva / Labourdonnais / Lamb's / Landlocked / Langs / Leatherback / Liv / Long Pond / Lost Years / LoveDay / Lucknow / Lunatic and Lover / Longueteau / LWF / Luna / La Favorite / La Marelita / Legado Organic / Lyon / Lassiter / La Maison du Rhum / La Belle Cabresse / Legendario / Les Rhums de Ced / Lazy Dodo / L'Esprit
50%
P (36) Panama / Papagayo / Papa Rouyo / Papalin / Paranubes / Phraya / Plantation / Planteray / Pampero / Portsmouth / Port Mourant / Providence / Pyrat / Privateer / Pusser / Père Labat / Pink Pigeon / Penny Blue / Parce / Pirate Grog / Portobelo / Pedro Madinga / Panamonte / Prohibido / Pilar / Porchjam / Pacto Navio / Pampero / Papillon / Parnaioca / Patridom / Payet / Pichincha / Pixan / Presidente Martí / Puntacana
50%
M (53) Mamita / Manubi / Mad City / Market Row / Matugga / Matusalem / Mauritius / Mekhong / Merser / Mhoba / Mid West Ghana / Mezan / Milroy / Mocambo / Montanya / Montebello / Monymusk / Montero / Morvenna / Mount Gay / Mt Uncle / Myers's / McDowell / Malibu / Man Up / Mizuho / Macorix / MK / Medellin / Malteco / Malecon / Moko / Marianne de Paraguay / Millonario / Macollo / Malahat / Maui /Maine Craft / Muddy River / Manatawny / Maggie / Mad River / Mabi / Maca / Maja / Macnair's / Manutea / Marie-Louise / Milton / Minoki / Miracielo / Momchabo / Moulin du Loup
46%
N (13) Neisson / New Grove / New Harmouth / Ninefold / Nusa Cana / Nativo / Negrita / Newfoundland Screech / Naga / Neptune / Nobilis
46%
A (22) AFD / Abelforth / Abuelo / Albion / Alnwick / Aluna / Amrut / Angostura / Appleton / Asta Morris /Arcane / Arechabala / A.H / Aldea / Arehucas / Alligator Bay / Artisan Grain / A1710 / Admiral Rodney / Aldabra / Ampov / Arhumatic
31%
J (12) J Bally / J Gow / Javamur / Jung / JM / John Watling / Jumbie / Jules Verne / JB / Jakal / Jus d'Or / Jack Tar
31%
R (50) Real McCoy / Rebellion / Red Bonny / Red Leg / Reisetbauer / Remedy / Renaissance / Renegade /Retribution / Rhum Rhum / Rhum du Matelot / Rhum Saint Barth / Rhum Superieur / Rhythm / Rivers / Reimonenq / Riviere du Mat / Ratu / Ryoma / Royal / Ricci / RummieClub / Rumcojones / Raleigh / Ripping Yarns / Ron Cubay / Ron Colon / Ron del Barrilito / Ron Zacapa / Rude Mechanicals / Rum-Bar / Rumjava / Rump@blic / Ruta Maya / Roble Viejo / Richland / Rumson / Rum Sponge / RL Seale / Rest & Be Thankful / Rhum Finish / River Antoine / Roble / Rom Club / Rosemont / Rum & Cane / Rum Artesanal / Rum Nation / Rum Explorer / Rum Runner
31%
K (18) Kakira / Karukera / Kingston / Kingston 62 / Kill Devil / Kirk / Kiyomi / Koko Kanu / Kraken / Khukri / Koxinga / Kwilu / Killik / Kimberley / Kuna / Kuleana / Koloa / Kō Hana
27%
O (25) O Reizinho / OVD / Old J Spiced / Old Monk / Old Mother Hunt / Old Sun / One-Eyed Rebel / Outlier /Ole Nassau / Opthimus / Oliver / Old Pascas / Oronoco / Origenes / Offrian / Ocumare / Old Harbor / Outer / Ogasawara / Old Brothers / Old Manada / Old Nick / Oxenham / Opportune / Origin'R
27%
Z (7) Zaya / Zapatera / Zacapa / Zafra / Zahara / Zuidam / Zaka
23%
I (9) Isla / Illicit / Incognito / Isla del Ron / Islay Rum Company / Inner / Issan / Ironworks / Isautier
19%
Number (15) 7 Fathoms / 1716 / 1787 / 1824 / 1919 / 9 Leaves / 6 Saints / 1920 / 1931 / 10 Cane / 1914 / 3 Roll / 1423 / 66 / 09
12%
F (14) Fair / Franklin / Five Rivers / Fallen Angels / Flamboyant / Four Bells / Foursquare / Flore de Cana /Frigate / Fire / Fisherman's Helper / Firefly / Fortin / Ferroni
12%
G (12) Green Island / Goslings / Grays / Grand Kadoo / Grenada / Grander / Guajiro / Grand Canyon / Gran Chaco / Gunroom / Grander
8%
V (13) Valdespino / Valinch / Various / Velier / Vieux Vaval / Veritas / Virgin Gorda / Vieux Labbé / Veroes / Van Brunt / Vulcao / Vanua / Vagabond
8%
W (17) West Indies / Wild Oxen / William Hinton / Wood / Worthy Park / Wray / Wreching / Whistler / Wester Hall / Woldorff / Wayward / Wagemut / Wiggly / Wedford / Wealth / Whisper
8%
X (1) XM
8%
Y (2) Yellow Snake / Yolo
8%
E (18) East London / El Dorado / El Galipote / Elizabeth Yard / Eminente / Engenho Novo de Madeira / Epris / Enmore / English Harbour / Equiano / Edward Teach / Exquisito / El Puro / El Muco / El Pasador de Oro / El Supremo / Emperor / ExcellenceRhum
4%
Q (2) Quang Nam / Quorhum
4%
U (3) Uitvlugt / Ugly Dog / Unhiq XO
4%
Aucun quiz correspondant
Distribution des résultats
% des personnes avec chaque résultat
Percentile par nombre de réponses
Votre historique - résultats
Vous n’avez pas pris ce quiz